00902nam a22002777a 45000010005000000030006000050050017000110080041000280200018000690400029000870500018001160820011001341000020001452450115001652500045002802600045003253000049003704900021004195050008004405200051004485210029004995210020005286500021005486500021005697000034005907464FISKH20250717151907.0250717b cb ||||| |||| 00| 0 eng d a9780545064545 aFISKHbengcFISKHdFISKH aPS3566.R36 M9 a811.54 aPrelutsky, Jack aMy parents think I'm sleeping /cpoem by Jack Prelutsky Children's Poet Laureate : pictures by Yossi Abolafia  aFirst Scholastic printing , January 2008 aNew York : bScholastic , c1985, 2007.  a48 pages : bcolor illustrations ;c23 cm .  aI can read ! v3 aF  aA collection of humorous poems about bedtime. 8 a350 bLexile estimate 8 aF bRaz-Plus  aRhymingvFiction aBedtimevFiction aAbolafia, YossieIllustrator